<?xml version="1.0" encoding="UTF-8"?>
<record
    xmlns:xsi="http://www.w3.org/2001/XMLSchema-instance"
    xsi:schemaLocation="http://www.loc.gov/MARC21/slim http://www.loc.gov/standards/marcxml/schema/MARC21slim.xsd"
    xmlns="http://www.loc.gov/MARC21/slim">

  <leader>00866nam a2200217 i 4500</leader>
  <controlfield tag="001">185264</controlfield>
  <controlfield tag="003">ES-MaACL</controlfield>
  <controlfield tag="005">20230906222401.0</controlfield>
  <controlfield tag="008">160429s1858    sp       c   |||| | spa d</controlfield>
  <datafield tag="111" ind1="2" ind2=" ">
    <subfield code="a">Exposicion Nacional de Bellas Artes (</subfield>
    <subfield code="d">1858. </subfield>
    <subfield code="c">Madrid)</subfield>
    <subfield code="9">159465</subfield>
  </datafield>
  <datafield tag="245" ind1="1" ind2="0">
    <subfield code="a">Cat&#xE1;logo de la Exposici&#xF3;n General de Bellas Artes de 1858, verificada en el Ministerio de Fomento.</subfield>
  </datafield>
  <datafield tag="260" ind1=" " ind2=" ">
    <subfield code="a">[S.l. : </subfield>
    <subfield code="b">s.n.], </subfield>
    <subfield code="c">1858 (</subfield>
    <subfield code="e">Madrid : </subfield>
    <subfield code="f">Imp. Nacional)</subfield>
  </datafield>
  <datafield tag="300" ind1=" " ind2=" ">
    <subfield code="a">37 p. ; </subfield>
    <subfield code="c">22 cm.</subfield>
  </datafield>
  <datafield tag="650" ind1=" " ind2="4">
    <subfield code="a">Arte europeo-</subfield>
    <subfield code="y">S.XIX-</subfield>
    <subfield code="v">Exposiciones.</subfield>
    <subfield code="9">159464</subfield>
  </datafield>
  <datafield tag="650" ind1=" " ind2="4">
    <subfield code="a">Arte espa&#xF1;ol-</subfield>
    <subfield code="y">S.XIX-</subfield>
    <subfield code="v">Exposiciones.</subfield>
    <subfield code="9">138900</subfield>
  </datafield>
  <datafield tag="655" ind1=" " ind2="7">
    <subfield code="2">tgfbne</subfield>
    <subfield code="9">193628</subfield>
    <subfield code="a">Cat&#xE1;logos de exposiciones</subfield>
  </datafield>
  <datafield tag="710" ind1="1" ind2=" ">
    <subfield code="a">Espa&#xF1;a. </subfield>
    <subfield code="b">Ministerio de Fomento.</subfield>
    <subfield code="9">3868</subfield>
  </datafield>
  <datafield tag="852" ind1=" " ind2=" ">
    <subfield code="a">ES-MaACL</subfield>
    <subfield code="j">T-207-F-4 </subfield>
    <subfield code="z">- Enc. en un vol. facticio, falto de cub. original</subfield>
  </datafield>
  <datafield tag="942" ind1=" " ind2=" ">
    <subfield code="2">udc</subfield>
  </datafield>
  <datafield tag="999" ind1=" " ind2=" ">
    <subfield code="c">185264</subfield>
    <subfield code="d">185264</subfield>
  </datafield>
  <datafield tag="952" ind1=" " ind2=" ">
    <subfield code="0">0</subfield>
    <subfield code="1">0</subfield>
    <subfield code="4">0</subfield>
    <subfield code="7">0</subfield>
    <subfield code="8">Colecci&#xF3;n_de_folletos</subfield>
    <subfield code="a">ATENEOM</subfield>
    <subfield code="b">ATENEOM</subfield>
    <subfield code="c">DEPOF</subfield>
    <subfield code="d">2016-04-29</subfield>
    <subfield code="e">DON</subfield>
    <subfield code="l">0</subfield>
    <subfield code="o">T-207-F-4</subfield>
    <subfield code="p">1195186</subfield>
    <subfield code="r">2023-02-23 00:00:00</subfield>
    <subfield code="w">2023-02-23</subfield>
    <subfield code="y">FOLLETOS</subfield>
  </datafield>
</record>
